zpět

Detail výsledku týmu

Klub Tyjátr, Svitavy

Datum a čas kvízu

18.5 Celkem bodů Celkový počet nahraných bodů na tomto kvízu bez doplňovacích otázek.
7. Pořadí na kvízu Konečné umístění týmu na tomto kvízu.

Zaznamenané odpovědi

# Otázka Odpověď Body Výsledky
1. Uveďte název sociální sítě, kt... Lidé (Lidé.cz) 1
2. V médiích se minulý týden obje... ze dřeva 1
3. Minulý týden v pondělí skončil... Neplecha ukončena 0
4. Od středy začalo v České repub... kratom 0
5. Který bývalý slovenský hokejis... Zdeno Chára 0
6. U příležitosti 17. listopadu s... Estonsko 0
7. V říjnu 2025 zemřela italská p... Erasmus 0
8. Při cestování po EU máme právo... C 1
9. Za výrazné podpory evropských... v Ostravě 1
10. Prakticky v celé Evropě se v p... C 0